Statistics for Poland First Level Subdivisions

Click here to take the quiz!

General Stats

  • This quiz has been taken 242 times
  • The average score is 7 of 16

Answer Stats

Województwa% Correct
Greater Poland
76%
Pomerania
75%
Silesia
71%
Łódź
66%
Lesser Poland
64%
West Pomerania
56%
Lublin
52%
Lower Silesia
51%
Opole
44%
Masovia
38%
Lubusz
36%
Podlaskie
25%
Warmia-Masuria
16%
Podkarpackie
15%
Świętokrzyskie
11%
Kujawy-Pomerania
3%

Score Distribution

Percentile by Number Answered

Percent of People with Each Score

Your Score History

You have not taken this quiz